00529 a2200193 4500260001000000630003800010037001300048650002600061260002200087245008600109300001100195650001600206260000900222300001000231100000700241110004700248037001200295650002800307 aParis a33 - Economie. Economie politique b1, Achat a3 - SCIENCES SOCIALES bEditions Sociales aSur les sociétés précapitalistes : textes choisis de Marx, Engels, Lénine a414 p. aCapitalisme c1973 b22 cm lFr aCENTRE D'ETUDES ET DE RECHERCHES MARXISTES aDE 4837 aSociété capitaliste